00529nam a2200181Ia 450000500170000000800410001702000180005804100120007608200150008810000240010324500770012725000120020426000420021630000180025865000160027665000290029265000260032120260429112050.0260429s9999||||xx |||||||||||||| ||und|| a9781835357583 aEnglish a158.7bDOM aDominguez, Osvaldo  0aIndustrial psychology and organizational behaviour / cOsvaldo Dominguez a1st ed. aLondon : bETP ED- Tech Press,c2025. ax, 282 p.; hb a Management a Organizational behavior aIndustrial psychology